00666nam a2200193Ia 4500003000900000008004100009040001600050080001800066100002700084245009600111250001200207260004400219300001000263490005900273650003200332650003400364650004300398700003100441IN-BaIIA211028s9999 xx 000 0 eng d cIIA Library a083.8:52bDEV ade Vaucouleurs, Gerard 0aReference catalogue of bright galaxiescGerard de Vaucouleurs and Antoinette de Vaucouleurs a1st ed. aAustinbUniversity of Texas Pressc1964 a268p. aThe University of Texas monographs in astronomy; no. 1 a Bright galaxies catalogue a Catalogue-Bright galaxies  aAstronomy and Astrophysics Thesaurus  ade Vaucouleurs, Antoinette